Marketing jurd̕ico

Detalles Bibliográficos
Autor principal: Tobn̤ Franco, Natalia
Formato: eBook
Lenguaje:español
Publicado: Bogot ̀: Editorial Universidad de Rosario (Colombia), 2009
Materias:
Acceso en línea:Acceso restringido

MARC

LEADER 00000nam a22000007a 4500
005 20120620180213.0
007 cr|||| ||||
008 120620s2009 co |||||s|||| 00||0 spa d
020 |a 978-958-8378-01-5 
035 |a 6382 
040 |a vLex 
090 |c 3221  |d 3221 
100 1 |a Tobn̤ Franco, Natalia 
245 1 0 |a Marketing jurd̕ico  |h [Recurso electrn̤ico] /  |c Natalia Tobn̤ Franco  
256 |a Servicio en ln̕ea 
260 |a Bogot ̀:  |b Editorial Universidad de Rosario (Colombia),  |c 2009 
300 |a 1 recurso electrn̤ico 
506 1 |a Contenido solo disponible en los productos indicados  |d vLex Global   |d vLex Global (Academic Edition, excluding Law Schools)   |d vLex Global (U.S. Academic Edition, Law Schools)   |d vLex Global (U.S. Academic Edition, excluding Law Schools)   |d vLex Global (Academic Edition, Law Schools)  
650 |a Marketing  |z Colombia 
740 0 |a vLex Libros (Servicio en ln̕ea) 
856 4 0 |u http://vlex.com/source/marketing-juridico-6382  |z Acceso restringido 
942 |c BOOK 
999 0 |a Marketing